All about piglet / (Record no. 48380)
| 000 -LEADER | |
|---|---|
| fixed length control field | 00301nam a2200109 4500 |
| 020 ## - INTERNATIONAL STANDARD BOOK NUMBER | |
| International Standard Book Number | 9780603566646 |
| 100 ## - MAIN ENTRY--PERSONAL NAME | |
| Personal name | Milne, A.A. |
| 245 ## - TITLE STATEMENT | |
| Title | All about piglet / |
| Statement of responsibility, etc | A.A. Milne & E.H. Shepard & Andrew Grey |
| 260 ## - PUBLICATION, DISTRIBUTION, ETC. (IMPRINT) | |
| Place of publication, distribution, etc | Great Britain |
| Name of publisher, distributor, etc | DEAN |
| Date of publication, distribution, etc | 2019 |
| 300 ## - PHYSICAL DESCRIPTION | |
| Extent | unpaged. |
| Other physical details | col. ill. |
| Dimensions | 23 cm. |
| 942 ## - ADDED ENTRY ELEMENTS (KOHA) | |
| Source of classification or shelving scheme | |
| Koha item type | Book |
| Withdrawn status | Lost status | Source of classification or shelving scheme | Damaged status | Not for loan | Home library | Current library | Shelving location | Date acquired | Total Checkouts | Full call number | Barcode | Date last seen | Date checked out | Price effective from | Koha item type |
|---|---|---|---|---|---|---|---|---|---|---|---|---|---|---|---|
| Asian Hope Early Years Library | Asian Hope Early Years Library | Easy Reading | 02/10/2025 | 5 | E MIL | 207246 | 04/22/2026 | 04/08/2026 | 02/10/2025 | Book |